<?xml version="1.0" encoding="UTF-8"?>
<record
    xmlns:xsi="http://www.w3.org/2001/XMLSchema-instance"
    xsi:schemaLocation="http://www.loc.gov/MARC21/slim http://www.loc.gov/standards/marcxml/schema/MARC21slim.xsd"
    xmlns="http://www.loc.gov/MARC21/slim">

  <leader>03335nam a2200397 i 4500</leader>
  <controlfield tag="001">194151</controlfield>
  <controlfield tag="003">RBPG</controlfield>
  <controlfield tag="005">20250708200001.0</controlfield>
  <controlfield tag="008">240305s2024    sp a   e||    000 0 spa c</controlfield>
  <datafield tag="017" ind1=" " ind2=" ">
    <subfield code="a">CO 2108-2023</subfield>
  </datafield>
  <datafield tag="020" ind1=" " ind2=" ">
    <subfield code="a">9788419979094</subfield>
  </datafield>
  <datafield tag="035" ind1=" " ind2=" ">
    <subfield code="a">(ES-MaREB)ES-MaREB01942952-6</subfield>
  </datafield>
  <datafield tag="035" ind1=" " ind2=" ">
    <subfield code="a">ES-VlRAB002106304</subfield>
  </datafield>
  <datafield tag="040" ind1=" " ind2=" ">
    <subfield code="a">RABEL</subfield>
    <subfield code="d">BPL</subfield>
    <subfield code="b">glg</subfield>
    <subfield code="c">ES-MaACL</subfield>
  </datafield>
  <datafield tag="080" ind1=" " ind2=" ">
    <subfield code="a">316.75</subfield>
  </datafield>
  <datafield tag="100" ind1=" " ind2=" ">
    <subfield code="a">Putin Ghidini, Alessia</subfield>
    <subfield code="9">235814</subfield>
    <subfield code="e">aut</subfield>
  </datafield>
  <datafield tag="245" ind1="1" ind2="0">
    <subfield code="a">Cancelaci&#xF3;n : </subfield>
    <subfield code="b">manual contra la dictadura de la ideolog&#xED;a, el pensamiento binario y el odio pol&#xED;tico / </subfield>
    <subfield code="c">Alessia Putin Ghidini</subfield>
  </datafield>
  <datafield tag="250" ind1=" " ind2=" ">
    <subfield code="a">1&#xAA; ed.</subfield>
  </datafield>
  <datafield tag="260" ind1=" " ind2=" ">
    <subfield code="a">C&#xF3;rdoba : </subfield>
    <subfield code="b">Sekotia, </subfield>
    <subfield code="c">2024</subfield>
  </datafield>
  <datafield tag="300" ind1=" " ind2=" ">
    <subfield code="a">299 p&#xE1;ginas :</subfield>
    <subfield code="b">il ;</subfield>
    <subfield code="c">22 cm</subfield>
  </datafield>
  <datafield tag="336" ind1=" " ind2=" ">
    <subfield code="a">texto</subfield>
    <subfield code="2">rdacontent</subfield>
  </datafield>
  <datafield tag="337" ind1=" " ind2=" ">
    <subfield code="a">sin mediaci&#xF3;n</subfield>
    <subfield code="2">rdamedia</subfield>
  </datafield>
  <datafield tag="338" ind1=" " ind2=" ">
    <subfield code="a">volumen</subfield>
    <subfield code="2">rdacarrier</subfield>
  </datafield>
  <datafield tag="490" ind1="1" ind2=" ">
    <subfield code="a">Reflejos de actualidad</subfield>
  </datafield>
  <datafield tag="504" ind1=" " ind2=" ">
    <subfield code="a">Bibliograf&#xED;a</subfield>
  </datafield>
  <datafield tag="520" ind1="3" ind2=" ">
    <subfield code="a">P&#xFA;blico contra privado, empleados contra empresarios, mujeres contra hombres, ecologistas contra negacionistas....... El pensamiento binario invade el espacio pol&#xED;tico-social y ofrece como &#xFA;nica soluci&#xF3;n el victimismo y la revancha. Los binaristas ahondan en las brechas de las identidades, de forma excluyente, para generar conflicto social y avivar las pol&#xED;ticas del resentimiento y la venganza. La autocensura, el miedo a expresar opiniones contra el pensamiento pol&#xED;ticamente correcto y la furia de las masas ocultas bajo perfiles de redes sociales, fomentan la cultura de la cancelaci&#xF3;n, el racismo ideol&#xF3;gico y el movimiento woke. Cancelaci&#xF3;n se convierte en una br&#xFA;jula que identifica las dictaduras de las ideolog&#xED;as, el autoboicot occidental promovido en las universidades y el odio pol&#xED;tico, para ayudar a desactivarlos. Desmonta, uno a uno, los mitos y los dogmas del falso progresismo y sus manifestaciones m&#xE1;s iliberales: aquellas tiran&#xED;as de las minor&#xED;as, disfrazadas de compasi&#xF3;n e igualdad, que solo buscan polarizar y levantar muros. Cancelaci&#xF3;n es una oda a la tolerancia, al respeto y al di&#xE1;logo que nos ofrece algo de esperanza y entusiasmo en medio de la esquizofrenia colectiva que nos rodea. Un manifiesto, detallado y fundamentado, que nos regala un mensaje optimista para las generaciones futuras e intenta frenar el suicidio de la sociedad occidental. &#xAB;Alessia nos propone una reflexi&#xF3;n sobre el mundo que nos rodea y sobre las cosas que, seg&#xFA;n dicen algunos, deben ser consideradas normas b&#xE1;sicas de ilustraci&#xF3;n y comportamiento. Al hacerlo, y para dar profundidad a la reflexi&#xF3;n, describe con claridad a unos y a otros, y argumenta s&#xF3;lidamente las propuestas que deber&#xED;an ayudar a evitar el convencionalismo y sus peligros&#xBB;. Javier Rup&#xE9;rez</subfield>
  </datafield>
  <datafield tag="650" ind1=" " ind2="4">
    <subfield code="a">Tolerancia</subfield>
    <subfield code="9">17547</subfield>
  </datafield>
  <datafield tag="830" ind1=" " ind2="0">
    <subfield code="a">Reflejos de actualidad</subfield>
    <subfield code="9">240715</subfield>
  </datafield>
  <datafield tag="852" ind1=" " ind2=" ">
    <subfield code="a">ES-MaACL</subfield>
    <subfield code="b">R.155097</subfield>
    <subfield code="c">DEPOJ</subfield>
    <subfield code="j">N-9880</subfield>
    <subfield code="x">Encuadernaci&#xF3;n r&#xFA;stica con solapas</subfield>
    <subfield code="g">Dedicatoria aut&#xF3;grafa de la autora</subfield>
    <subfield code="h">Donaci&#xF3;n: Alessia Putin Ghdini</subfield>
    <subfield code="9">205805</subfield>
  </datafield>
  <datafield tag="903" ind1=" " ind2=" ">
    <subfield code="9">235814</subfield>
    <subfield code="a">Putin Ghidini, Alessia</subfield>
    <subfield code="e">dnr</subfield>
  </datafield>
  <datafield tag="942" ind1=" " ind2=" ">
    <subfield code="n">0</subfield>
    <subfield code="c">MONOGRAFIA</subfield>
  </datafield>
  <datafield tag="999" ind1=" " ind2=" ">
    <subfield code="c">194151</subfield>
    <subfield code="d">194151</subfield>
  </datafield>
  <datafield tag="952" ind1=" " ind2=" ">
    <subfield code="0">0</subfield>
    <subfield code="1">0</subfield>
    <subfield code="2">udc</subfield>
    <subfield code="4">0</subfield>
    <subfield code="7">0</subfield>
    <subfield code="8">Librosdedicados</subfield>
    <subfield code="a">ATENEOM</subfield>
    <subfield code="b">ATENEOM</subfield>
    <subfield code="c">DEPOJ</subfield>
    <subfield code="d">2025-05-25</subfield>
    <subfield code="e">DONACION</subfield>
    <subfield code="l">0</subfield>
    <subfield code="o">N-9880</subfield>
    <subfield code="p">101230152</subfield>
    <subfield code="r">2025-05-25 00:00:00</subfield>
    <subfield code="w">2025-05-25</subfield>
    <subfield code="y">MONOGRAFIA</subfield>
  </datafield>
</record>
